000 00596nam a2200145Ia 4500
008 140724s9999 xx 000 0 und d
050 _aBF 698
_b.K18 2010
100 _aKare, Angelie Louise C.
245 4 _aThe relationship between Rumination and Reflection among male and female 1st year college students of Southville International School and Colleges A.Y. 2009-2010 /
_cAngelie Louise C. Kare.
260 _aLas PiƱas, Philippines :
_bSouthville International School and Colleges,
_cc2010.
300 _a33 p. ;
_bill. ;
_c28 cm.
521 _aPsychology
942 _cTH
999 _c228918
_d228918